000 00732pam a2200253 a 4500
008
020 _a0443088039 (hbk.)
049 _aMAIN
090 _aRD559
_bOPE.
245 0 0 _aOperative hand surgery
_nvol.2 /
_cedited by David P. Green.
250 _a3rd ed.
260 _aNew York :
_bChurchill Livingstone,
_c1993.
300 _a xxii, 2308, 76 p.) :
_bill. ;
_c29 cm.
500 _aIncludes index.
504 _aIncludes bibliographical references .
650 0 _aHand
_xSurgery.
650 2 _aHand
_xsurgery.
700 1 _aGreen, David P.
907 _a.b10355893
_b31-03-15
_c30-03-15
003
005 20230120204151.0
040 _cNUST
942 _cBOOKS
_kRD559
_mOPE.
999 _c118335
_d118335